| 000 | 00493nam a2200169Ia 4500 | ||
|---|---|---|---|
| 999 |
_c36232 _d36232 |
||
| 003 | OSt | ||
| 005 | 20201207102221.0 | ||
| 008 | 190216s9999||||xx |||||||||||||| ||und|| | ||
| 020 | _a8185273332 | ||
| 040 | _coclc | ||
| 082 |
_a025.4 _bRAN/P |
||
| 100 |
_aRanganathan, S R _97224 |
||
| 245 | 0 |
_aPhilosophy Of Library Classification / _cS R Ranganathan |
|
| 260 |
_bUbs Publishers, _c1989. _aNew Delhi: |
||
| 300 | _a133p | ||
| 942 |
_cREF _2ddc _h025.4 _iRAN/P _k025.4 _mRAN/P |
||